Loading...
Modern College Physics /
| Main Author: | |
|---|---|
| Format: | Printed Book |
| Language: | English |
| Published: |
New Delhi:
CBS,
1987.
|
| Edition: | 6th ed. |
| Subjects: |
| LEADER | 00575cam a2200205ua 4500 | ||
|---|---|---|---|
| 008 | 060815t1987||||||||||| 001 ||eng c | ||
| 041 | 0 | |a eng | |
| 082 | |a 530 |b WHI/M | ||
| 100 | 0 | |a White,, Harvey E | |
| 245 | 1 | 0 | |a Modern College Physics / |
| 250 | |a 6th ed. | ||
| 260 | |a New Delhi: |b CBS, |c 1987. | ||
| 300 | |a xi,1108p.. | ||
| 362 | 1 | |a 1987. | |
| 365 | |a Rs.175/- |e pb | ||
| 500 | |a includes index. | ||
| 650 | 0 | |a Physics | |
| 942 | |c BK | ||
| 999 | |c 4634 |d 4634 | ||
| 952 | |0 0 |1 0 |4 0 |6 530_000000000000000_WHI |7 0 |9 4858 |a KUCL |b KUCL |d 2014-05-23 |l 0 |o 530 WHI/ |p 07906 |r 2014-05-23 |w 2014-05-23 |y BK | ||